Wypisz stolice 15 największych krajów świata - Statystyki

Ogólne statystyki
  • Ten quiz został rozwiązany 1 381 razy
  • Średni wynik to 10 z 15
Statystyki odpowiedzi
Państwo Stolica % Poprawnych
Rosja Moskwa
100%
Stany Zjednoczone Waszyngton
94%
Chiny Pekin
90%
Kanada Ottawa
83%
Meksyk Meksyk
82%
Brazylia Brasilia
80%
Argentyna Buenos Aires
76%
Indie Nowe Delhi
68%
Australia Canberra
67%
Algieria Algier
59%
Kazachstan Nursułtan
58%
Indonezja Dżakarta
47%
Arabia Saudyjska Rijad
42%
Demokratyczna Republika Konga Kinszasa
34%
Sudan Chartum
32%
Nie znaleziono quizów pasujących do podanych kryteriów
Rozkład punktacji
Procent ludzi z każdym wynikiem
Percentyl według liczby udzielonych odpowiedzi
Twoja historia wyników
Nie rozwiązałeś tego quizu